駅名に「村」を含む駅 - Statistics

General Stats
  • This quiz has been taken 135 times
  • The average score is 18 of 48
Answer Stats
Hint Answer % Correct
八千代市 村上
93%
村上市 村上
93%
村山市 村山
90%
須坂市 村山
90%
東村山市 東村山
88%
羽村市 羽村
84%
三木市 大村
83%
大村市 大村
83%
大村市 新大村
78%
四万十市 中村
63%
長浜市 田村
60%
板橋区 志村三丁目
55%
松本市 村井
54%
板橋区 志村坂上
53%
大村市 大村車両基地
42%
北上市 村崎野
40%
練馬区 中村橋
39%
枚方市 村野
33%
鎌倉市 稲村ヶ崎
31%
墨田区 小村井
30%
常陸大宮市 玉川村
28%
南会津町 会津山村道場
27%
名古屋市 川村
27%
相良村 川村
27%
市原市 上総村上
26%
恵那市 岩村
26%
佐久市 岩村田
25%
都留市 谷村町
24%
いちき串木野市 神村学園前
22%
常総市 玉村
20%
名古屋市 中村公園
20%
名古屋市 中村日赤
20%
滑川市 越中中村
19%
宮津市 宮村
18%
若狭町 十村
17%
飯田市 下山村
17%
豊田市 竹村
15%
日高村 小村神社前
15%
松本市 新村
13%
丹波市 久下村
13%
鳥取市 浜村
13%
福山市 湯田村
12%
下関市 黒井村
12%
錦町 肥後西村
12%
阿蘇市 いこいの村
11%
広島市 玖村
10%
九重町 豊後中村
9%
霧島市 植村
9%
No matching quizzes found
Score Distribution
Percent of People with Each Score
Percentile by Number Answered
Your Score History
You have not taken this quiz